LEADER 01920nam0 22004093i 450 001 TO01464702 005 20231121125845.0 100 $a20150721d1985 ||||0itac50 ba 101 | $ager$agrc 102 $aat 181 1$6z01$ai $bxxxe 182 1$6z01$an 200 1 $aCarmina de virtute 1a-1b$fGregor von Nazianz$gediert von Roberto Palla$gübersetzt und kommentiert von Manfred Kertsch 210 $aGraz$c[Instituts für Ökumenische Theologie und Patrologie an der Universität Graz]$d1985 215 $a239 p.$d21 cm. 225 | $aGrazer theologische Studien$v10 410 0$1001UFI0269539$12001 $aGrazer theologische Studien$v10 500 10$aCarmina. -$3UFI0208022$9CFIV011383$93638788 606 $aPoesia greca$2FIR$3RMLC104434$9E 606 $aGregorius, Nazianzenus$xEdizioni critiche$2FIR$3RMLC421647$9I 676 $a881.01$9Poesia greca classica. Periodo antico, fino al 499.$v21 700 0$aGregorius : Nazianzenus$c $3CFIV011383$4070$0172537 702 1$aPalla$b, Roberto$3CFIV087938 702 1$aKertsch$b, Manfred$3CFIV139257 790 0$aGregorio : Nazianzeno$c $3CFIV014227$zGregorius : Nazianzenus 790 0$aGrégoire : de Nazianze$c $3CFIV080809$zGregorius : Nazianzenus 790 0$aGregorio : di Nazianzo$c $3CFIV164340$zGregorius : Nazianzenus 790 0$aGregorius : Nazanzenus$3CFIV287610$zGregorius : Nazianzenus 790 0$aGregorius : Nazianenus$f $3PALV055078$zGregorius : Nazianzenus 801 3$aIT$bIT-01$c20150721 850 $aIT-FR0017 899 $aBiblioteca umanistica Giorgio Aprea$bFR0017 $eN 912 $aTO01464702 950 0$aBiblioteca umanistica Giorgio Aprea$d 52MAG 12/998$e 52AMT0000000675 VMN RS $fA $h20150721$i20150721 977 $a 52 996 $aCarmina$93638788 997 $aUNICAS LEADER 02817nam 22004935 450 001 996664549603316 005 20250621130221.0 010 $a3-031-97063-2 024 7 $a10.1007/978-3-031-97063-4 035 $a(MiAaPQ)EBC32174181 035 $a(Au-PeEL)EBL32174181 035 $a(CKB)39419167700041 035 $a(DE-He213)978-3-031-97063-4 035 $a(OCoLC)1525619231 035 $a(EXLCZ)9939419167700041 100 $a20250621d2025 u| 0 101 0 $aeng 135 $aurcnu|||||||| 181 $ctxt$2rdacontent 182 $cc$2rdamedia 183 $acr$2rdacarrier 200 10$aReversible Computation $e17th International Conference, RC 2025, Odense, Denmark, July 3?4, 2025, Proceedings /$fedited by Robert Glück, Robin Kaarsgaard 205 $a1st ed. 2025. 210 1$aCham :$cSpringer Nature Switzerland :$cImprint: Springer,$d2025. 215 $a1 online resource (334 pages) 225 1 $aLecture Notes in Computer Science,$x1611-3349 ;$v15716 311 08$a3-031-97062-4 327 $a -- Tallulah, a Tool to Support the Axiomatic Approach to Causal Consistent Reversibility. -- Independence and Causality in the Reversible Concurrent Setting. -- Encoding Choice and Replication in roll?. -- Implementation of an Optimally Bounded Algorithm for Quantum State Preparation. -- Universal Graph Theory Operations for Graph State Preparation. -- On Exact Sizes of Minimal CNOT Circuits. -- Two small quantum building-blocks suffice. -- Approximate Optimisation of Quantum Circuits using the ZX-calculus with Phase Squashing. -- RevMiGo: Reversible channel-based communication in Go language. -- Towards a Characterization of Two-way Bijections in a Reversible Computational Model. -- Ancilla-free Quantum Adder with Sublinear Depth. -- Implementing Reversible Neural Networks. 330 $aThis book constitutes the refereed proceedings of the 17th International Conference on Reversible Computation, RC 2025, held in Odense, Denmark, during July 3?4, 2025. The 7 full papers and 5 short papers included in this book were carefully reviewed and selected from 22 submissions.The conference brought together researchers from computer science, mathematics, engineering, and physics to discuss new developments and directions for future research in the area of Reversible Computation. 410 0$aLecture Notes in Computer Science,$x1611-3349 ;$v15716 606 $aLogic design 606 $aLogic Design 615 0$aLogic design. 615 14$aLogic Design. 676 $a621.395 700 $aGlück$b Robert$01432745 701 $aKaarsgaard$b Robin$01830237 801 0$bMiAaPQ 801 1$bMiAaPQ 801 2$bMiAaPQ 906 $aBOOK 912 $a996664549603316 996 $aReversible Computation$94400542 997 $aUNISA